000 00477nam a2200181Ia 4500
001 22894
005 20260414150901.0
008 260414t2022||||xx |||||||||||||| ||spa||
041 _aESP
082 _a624.17
_bM96A
100 _aMuñoz Hidalgo, Manuel
_eAUT
245 0 _aComentarios prácticos para obras :
_btérminos técnicos de la edificación)
260 _c2022
300 _a320 páginas :
_c24 cm.
650 _a0
654 _aCIC
942 _cLIB
_dJUS
_fJUS
_2ddc
_n
999 _c22894
_d22894